[Event "Chioggia op-C 14th"]
[Site "Chioggia"]
[Date "2019.10.06"]
[Round "5"]
[White "Segalina, Luigi"]
[Black "Sartori, Stefano"]
[Result "1/2-1/2"]
[WhiteElo "1509"]
[BlackElo "1176"]
[PlyCount "50"]
[EventDate "2019.10.04"]
[EventType "swiss"]
[EventRounds "5"]
[EventCountry "ITA"]
[SourceTitle "EXT 2022"]
[Source "ChessBase"]
[SourceDate "2021.10.06"]
[SourceVersion "1"]
[SourceVersionDate "2021.10.06"]
[SourceQuality "1"]

1. d3 e5 2. h3 d5 3. e3 c6 4. b3 g6 5. Bb2 Bg7 6. Ne2 f6 7. a3 Be6 8. g3 Nd7 9. Bg2 h5 10. Nd2 a6 11. c4 Rc8 12. Qc2 Ne7 13. 0-0-0 b6 14. Kb1 0-0 15. f4 Qe8 16. Rdf1 a5 17. Bf3 Nf5 18. Rf2 Nxe3 19. Qc1 d4 20. Ne4 Qe7 21. g4 Bf7 22. gxh5 gxh5 23. Rg1 Kh8 24. f5 Bh6 25. Qe1 h4 1/2-1/2

[Event "Chioggia op-C 14th"]
[Site "Chioggia"]
[Date "2019.10.05"]
[Round "3"]
[White "Sartori, Stefano"]
[Black "Dhanuka, Aman"]
[Result "0-1"]
[WhiteElo "1176"]
[BlackElo "1074"]
[PlyCount "35"]
[EventDate "2019.10.04"]
[EventType "swiss"]
[EventRounds "5"]
[EventCountry "ITA"]
[SourceTitle "EXT 2022"]
[Source "ChessBase"]
[SourceDate "2021.10.06"]
[SourceVersion "1"]
[SourceVersionDate "2021.10.06"]
[SourceQuality "1"]

1. d4 d5 2. e3 Nf6 3. Bd3 e6 4. f4 Bd6 5. Nf3 0-0 6. 0-0 Nbd7 7. Ne5 Ne4 8. Nd2 f5 9. Rf3 Ndf6 10. Rh3 c5 11. c3 cxd4 12. cxd4 Qe8 13. Nxe4 Nxe4 14. Bxe4 fxe4 15. Qg4 Bxe5 16. dxe5 Qg6 17. Qh4 Kh8 18. Rg3 0-1